| 000 | 00711nam a22002057a 4500 | ||
|---|---|---|---|
| 003 | NUST-PNEC | ||
| 005 | 20170116181124.0 | ||
| 008 | 140508b xxu||||| |||| 00| 0 eng d | ||
| 020 | _a8131718875 | ||
| 040 | _cPNEC | ||
| 082 | _a629.83 DOR | ||
| 100 |
_9105 _aDorf, Richard C. |
||
| 245 |
_aModern control system _cRichard C. Dorf |
||
| 250 | _a11th ed. | ||
| 260 |
_aNew Dehli _bDorling Kindersley(India)Pvt.Ltd. of Pearson Education _cc.2008 |
||
| 300 |
_axxiii, 1018 p. : _bill. : _c24 cm. |
||
| 500 | _aIncludes Index http://www.amazon.com/Modern-Control-Systems-11-e/dp/8131718875/ref=sr_1_1?s=books&ie=UTF8&qid=1399550187&sr=1-1&keywords=9788131718872 | ||
| 651 | _xMIS, MS CONT | ||
| 942 |
_2ddc _cBK |
||
| 999 |
_c69683 _d69683 |
||